000 00257nam a22001097a 4500
008 170112b xxu||||| |||| 00| 0 eng d
020 _a0865360200
041 _aeng
080 _a618.2
245 _aCANOEING AND KAYAKING
_cAMERICAN RED CROSS
942 _2udc
_cBK
999 _c2780
_d2780